| 000 | 00562nam a2200193 a 4500 | ||
|---|---|---|---|
| 005 | 20241101063722.0 | ||
| 008 | 050317s2002 000 eng d | ||
| 020 | _a9707013036 | ||
| 035 | _aUPN01000138620 | ||
| 049 | _aCG | ||
| 050 | 4 |
_aHM281 _bE7.7 |
|
| 245 | 0 | 0 |
_aEstudios sobre la violencia : _bteoría y práctica / _ccoord. Witold Jacorzynski. |
| 260 |
_aMéxico : _bCIESAS : _bM.A. Porrúa, _c2002. |
||
| 300 | _a243 p. | ||
| 650 | 4 |
_aViolencia _zMéxico _91562 |
|
| 650 | 4 |
_aViolencia _97151 |
|
| 700 | 1 |
_aJacorzynski, Witold, _ecoord. |
|
| 905 | _aLibro | ||
| 999 |
_c110768 _d110768 |
||